000 01167cab a2200229 4500
001 ABS57417
008 090401t1997 xxu||||| |||| 00| 0 eng d
035 _a(Sirsi) u80309
041 _aeng
245 _aTurner v Stevenage BC
260 _c1997
350 _a0
490 _aWeekly Law Reports
_v[1997] 3 WLR 309-319(11)
520 _aCA 6 March 1997. An arbitrator was appointed to conduct proceedings relating to a rent review. The terms of appointment contained no provision for payment of fees. The proceedings went on longer than expected and after five preliminary hearings the arbitrator requested half his fee and expenses. The tenant objected. The landlord, Stevenage BC, paid the sum three months late. The arbitrator took legal advice and then returned the fee. The tenant applied for the arbitrator to be removed under the Arbitration Act 1950 s23(1) on grounds of bias. The judge dismissed the application. The tenant appealed. Appeal dismissed.
650 _aARBITRATION ACT 1950
650 _aBIAS
650 _aFEES
650 _aTURNER V STEVENAGE BC
690 _aARBITRATION-CASE LAW
942 _n0
948 _c18/08/1997
999 _c50571
_d50571